The impact of language games on grade ten students' memorization of English simple past tense accuracy in their language use : Master of education. Program Principles and methods in English language education

This thesis attempts to The impact of language games on grade ten students' memorization of English simple past tense accuracy in their language use

Gardado en:
Detalles Bibliográficos
Autor Principal: Đinh, Duy Linh
Formato: Libro
Idioma:Undetermined
Publicado: Can Tho Can Tho University 2016
Những chủ đề:
Các nhãn: Engadir etiqueta
Sen Etiquetas, Sexa o primeiro en etiquetar este rexistro!
Thư viện lưu trữ: Trung tâm Học liệu Trường Đại học Cần Thơ
LEADER 01059nam a2200229Ia 4500
001 CTU_213733
008 210402s9999 xx 000 0 und d
082 |a 428.24071 
082 |b L312 
088 |a 60140111 
100 |a Đinh, Duy Linh 
245 4 |a The impact of language games on grade ten students' memorization of English simple past tense accuracy in their language use : 
245 0 |b Master of education. Program Principles and methods in English language education 
245 0 |c Đinh Duy Linh ; Thái Công Dân (Supervisor) 
260 |a Can Tho 
260 |b Can Tho University 
260 |c 2016 
520 |a This thesis attempts to The impact of language games on grade ten students' memorization of English simple past tense accuracy in their language use 
650 |a English language,Ngôn ngữ tiếng Anh,Ngôn ngữ tiếng Anh,English language 
650 |x Spoken english,Dạy và học,Nói tiếng Anh,Study and teaching 
904 |i Nguyen 
980 |a Trung tâm Học liệu Trường Đại học Cần Thơ